|
|
|
|
| LEADER |
00000nam a2200000 a 4500 |
| 001 |
vtls001420390 |
| 003 |
SK-MaSNL |
| 005 |
20260301072305.0 |
| 008 |
251117s2000 xo a r y slo |
| 015 |
|
|
|a SNBA2001/12-04104
|
| 020 |
|
|
|a 8071007471
|
| 035 |
|
|
|a SNK000375225
|
| 035 |
|
|
|a urn:nbn:sk:snk-amknci
|
| 035 |
|
|
|a urn:nbn:sk:snk-am003c4w
|
| 035 |
|
|
|a 042230CB-D2EA-49C0-9899-3E5C5BCC8947
|
| 040 |
|
|
|a SNK
|b slo
|c SNK
|e AACR2
|
| 041 |
0 |
|
|a slo
|
| 044 |
|
|
|a xo
|c SK
|
| 080 |
|
|
|a 352/353:65.012.4(075.4)
|2 1981
|
| 080 |
|
|
|a 65.012.4(075.4)
|2 1981
|
| 100 |
1 |
|
|a Šupín, Mikuláš,
|d 1953-
|4 aut
|9 201668
|
| 245 |
1 |
0 |
|a Vybrané aspekty verejného manažmentu
|n 1
|c Mikuláš Šupín, Milota Vetráková, Eva Drličková
|
| 260 |
|
|
|a V Žiline
|b Žilinská univerzita
|c 2000
|
| 300 |
|
|
|a 75 s.
|c 25 cm
|
| 504 |
|
|
|a Bibliogr. s. 74-75
|
| 650 |
0 |
7 |
|a správa verejná
|x manažment
|x komunikácia
|x texty učebné
|2 SNK
|9 391480
|
| 655 |
|
7 |
|a učebnice
|2 SNK
|9 22521
|
| 700 |
1 |
|
|a Vetráková, Milota,
|d 1950-
|4 aut
|9 104100
|
| 700 |
1 |
|
|a Drličková, Eva
|4 aut
|9 13147
|
| 752 |
|
|
|d Žilina
|
| 919 |
|
|
|a 80-7100-747-1
|
| 958 |
|
|
|a TL
|
| 958 |
|
|
|a NB
|
| 958 |
|
|
|a UV
|
| 999 |
|
|
|c 640596
|d 642526
|
| 952 |
|
|
|t P60, <03>, [BOOK], {603}
|a SNK
|b SNK
|y PREZ
|7 0
|p 17A0314329
|o snkSC 105942/1
|i snkKSP 10800/2001
|0 0
|1 0
|4 0
|d 2001-09-14
|f 1
|l 0
|r 2025-09-26 00:00:00
|w 2026-02-23
|
| 952 |
|
|
|t P60, <04>, [BOOK], {604}
|a SNK
|b SNK
|y VYP
|7 0
|p 17A0314328
|o snkSC 105942/1 D1
|i snkKSP 10801/2001
|0 0
|1 0
|4 0
|d 2001-09-14
|l 0
|r 2005-01-02 00:00:00
|w 2026-02-23
|